| 000 | 00421nam a22001697a 4500 | ||
|---|---|---|---|
| 003 | SGT | ||
| 020 | _a9780323597081 | ||
| 082 |
_a616.0757 _bS21K |
||
| 100 | _aKREMAKAU, FREDERICK W. | ||
| 245 | _aSONOGRAPHY PRINCIPLES AND INSTRUMENTS | ||
| 250 | _a10TH | ||
| 260 |
_aMISSOURI _bELSEVIER PUB _c2021 |
||
| 300 | _a307 | ||
| 650 | _aRADIOLOGY | ||
| 653 | _aTORRES PATIENT CARE IN IMAGING TECHNOLOGY | ||
| 942 |
_2ddc _cBK |
||
| 999 |
_c23785 _d23785 |
||